| 000 | 01052cam a22002775i 4500 | ||
|---|---|---|---|
| 999 |
_c3668 _d3668 |
||
| 003 | EG-ScBUE | ||
| 005 | 20210121130103.0 | ||
| 008 | 081013s1979 ua g 000 j1 ara d | ||
| 017 | _a4029 | ||
| 020 | _a977316271 | ||
| 040 |
_aEG-ScBUE _bara _erda _cEG-ScBUE _dEG-ScBUE |
||
| 082 | 0 | 4 |
_a892.736 _bم ح ف _222 |
| 100 | 1 |
_aمحفوظ، نجيب، _d1911-2006، _eمؤلف. |
|
| 245 | 1 | 0 |
_aهمس الجنون / _cتأليف نجيب محفوظ، الحائز على جائزة الدولة التقديرية، وجائزة نوبل العالمية للآداب لعام 1988. |
| 250 | _aالطبعة العاشرة. | ||
| 264 | 1 |
_aالقاهرة : _bمكتبة مصر، _c1979. |
|
| 300 |
_a304 صفحة ؛ _c20 سم. |
||
| 336 |
_aنص _btxt _2rdacontent |
||
| 337 |
_aبدون وسيط _bn _2rdamedia |
||
| 338 |
_aمجلد _bnc _2rdacarrier |
||
| 490 | 0 | _aمطبوعات مكتبة مصر | |
| 650 | 7 |
_aالقصص العربية القصيرة _yقرن 20. _2BUEsh |
|
| 651 | _2BUEsh | ||
| 653 |
_bARALIT _bGGEN _cJanuary2021 |
||
| 942 |
_cBB _2ddc |
||